LEADER 00610nam 2200169z- 450 001 9910712499103321 035 $a(CKB)5470000002493147 035 $a(EXLCZ)995470000002493147 100 $a20230509c2019uuuu -u- - 101 0 $aeng 200 10$aCorrosion on Mars : effect of the Mars environment on spacecraft materials 210 $aFlorida$cNational Aeronautics and Space Administration, John F. Kennedy Space Center 517 $aCorrosion on Mars 906 $aBOOK 912 $a9910712499103321 996 $aCorrosion on Mars : effect of the Mars environment on spacecraft materials$93343560 997 $aUNINA